Online Catalogue and eLibrary

Of women caste / (Record no. 155)

MARC details
000 -LEADER
fixed length control field 00463nam a22001697a 4500
005 - DATE AND TIME OF LATEST TRANSACTION
control field 20231205231031.0
008 - FIXED-LENGTH DATA ELEMENTS--GENERAL INFORMATION
fixed length control field 231205b |||||||| |||| 00| 0 eng d
020 ## - INTERNATIONAL STANDARD BOOK NUMBER
ISBN 8185604045
082 ## - DDC Classification
DDC Edition Number 22
Class No. 305.5.
Item Number - Author Mark ANJ.
100 ## - MAIN ENTRY--PERSONAL NAME
Personal name Bagwe Anjali.
245 ## - TITLE STATEMENT
Title Of women caste /
Remainder of title The Experience of Gender in Rural India.
Statement of responsibility, etc. Anjali Bagwe.
250 ## - EDITION STATEMENT
Edition statement 1st.
260 ## - PUBLICATION, DISTRIBUTION, ETC.
Place of publication, distribution, etc. Calcutta,
Name of publisher, distributor, etc. Mandira Sen for STREE,
Date of publication, distribution, etc. 1995.
300 ## - PHYSICAL DESCRIPTION
Extent (e.g. Volumes, Pages etc.) xi, 245 p.
650 ## - SUBJECT ADDED ENTRY--TOPICAL TERM
Topical term or geographic name entry element sex role.
942 ## - Koha item type (Biblio)
Koha item type Books in Stacks (Lending)
Holdings
Lost status Damaged status Collection code Home library Current library Date acquired Full call number Accession Number Item type
    Lending WERC Library WERC Library 12/06/2023 305.5. ANJ. 2296 Books in Stacks (Lending)

© WERC Library